| 000 | 00465nam a2200157 i 4500 | ||
|---|---|---|---|
| 001 | 87736 | ||
| 003 | ES-MaACL | ||
| 005 | 20230906175729.0 | ||
| 007 | t| | ||
| 008 | 041223s1965 sp ||||1| spa d | ||
| 100 | 1 |
_aLabin, Suzanne. _969237 |
|
| 245 | 1 | 0 |
_aFantan cinco minutos _b: (propaganda e infiltración soviéticas) / _cSuzanne Labin. |
| 260 |
_aMadrid : _bEditora Nacional, _c1965. |
||
| 300 |
_aXV, 155 p. ; _c19 cm. |
||
| 852 |
_aES-MaACL _jC-27712 _bR.56826 |
||
| 999 |
_c87736 _d87736 |
||